|
|
|
|
| LEADER |
00000nab a2200000uu 4500 |
| 001 |
vtls010877501 |
| 003 |
SK-MaSNL |
| 005 |
20260303145131.0 |
| 008 |
230222|1973 xo |||||||||||||||||slo| |
| 015 |
|
|
|a SNBRB
|
| 035 |
|
|
|a (urnnbn)urn:nbn:sk:snk:ar-005sfl
|
| 035 |
|
|
|a (uuid)7043d404-b609-4357-b3cc-e4bd254395f8
|
| 035 |
|
|
|a urn:nbn:sk:snk-ab7lwk
|
| 040 |
|
|
|a SNKBUCL
|b slo
|c SNKBUCL
|e AACR2
|
| 041 |
0 |
|
|a slo
|
| 044 |
|
|
|a xo
|c SK
|
| 100 |
1 |
|
|a Ratkoš, Peter,
|d 1921-1987
|4 aut
|9 103209
|
| 245 |
1 |
0 |
|a KOMPLETNOSŤ VEĽKOMORAVSKÝCH DEPERDÍT
|c Peter Ratkoš, Richard Marsina
|
| 700 |
1 |
|
|a Marsina, Richard,
|d 1923-2021
|4 aut
|9 207406
|
| 773 |
0 |
|
|t Slovenská archivistika
|g Roč. 8, č. 1 (1973), s. 106-110
|
| 954 |
|
|
|a odborná, vedecká literatúra pôvodná (slovenská)
|2 lita
|
| 958 |
|
|
|a OND
|
| 958 |
|
|
|a EUIPO
|
| 958 |
|
|
|a article8
|
| 999 |
|
|
|c 2000735
|d 2002665
|